000 00568cab a2200217 4500
001 WB2405-03
008 090401t1988 xxu||||| |||| 00| 0 eng d
035 _a(Sirsi) u25499
041 _aeng
245 _aForestry revenue
260 _c1988
350 _a0
490 _aForestry Commission News
_v1/88, 28 January 1988, (5)
520 _aHighlights from the Forestry Commission `s annual report for 1986-87.
650 _aBROADLEAVES
650 _aFARM WOODLANDS
650 _aFARMLAND
690 _aRURAL PRACTICE
942 _n0
948 _c04/03/1997
999 _c17124
_d17124